Japanese Vocabulary: Marine Animals - Statistics

General Stats
  • This quiz has been taken 179 times
    129 since last reset
  • The average score is 11 of 31
Answer Stats
English Kanji/Kana Romaji % Correct
fish sakana
84%
koi carp koi
76%
shrimp エビ ebi
72%
octopus たこ tako
68%
eel ウナギ unagi
56%
turtle 亀 / カメ kame
52%
whale 鯨 / クジラ kujira
48%
shark サメ same
48%
squid イカ ika
44%
crab カニ kani
44%
tuna マグロ maguro
40%
sea urchin ウニ uni
36%
dolphin イルカ iruka
32%
goldfish 金魚 kingyo
32%
lobster ロブスター robusutā
32%
salmon サケ sake
32%
pirania ピラニア pirania
24%
orca シャチ shachi
24%
starfish ヒトデ hitode
20%
dugong ジュゴン jugon
20%
shellfish kai
20%
jellyfish クラゲ kurage
20%
whale shark ジンベエザメ jinbeezame
16%
oyster カキ kaki
16%
trout マス masu
16%
catfish ナマズ namazu
16%
walrus セイウチ seiuchi
16%
cod タラ tara
16%
seal アザラシ azarashi
12%
seahorse シーホース shīhōsu
12%
bass スズキ suzuki
12%
No matching quizzes found
Score Distribution
Percent of People with Each Score
Percentile by Number Answered
Your Score History
You have not taken this quiz since the last reset